000
00318nam a2200121Ia 4500
008
190216s9999||||xx |||||||||||||| ||und||
100
_a
Rastogi R P
 Misra R R
245
0
_a
Introduction To Chemical Thermodynamics
260
_b
Vikas Publishing House
_c
1981
300
_a
391p
650
_a
Chemistry
942
_c
BK
999
_c
2342
_d
2342